LoL champs by Lore - Statistics

General Stats
  • This quiz has been taken 121 times
  • The average score is 10 of 15
Answer Stats
Question Answer % Correct
Once a renowned winged warrior they were trapped in a sword, and now takes revenge on life. Aatrox
93%
One of the creators of hex-tech this cyborg wants to rid humanity of the weakness of flesh in an "evolution. Victor
90%
Who was a gangster, revolution leader, and surrogate parent before being turned into a monster by a mad chemist. Warwick
90%
Had their eyes ripped out by Volibear, has trapped the watches in their palace, and is allied with Trundle. Lissandra
86%
What fisherman now stalks the docks of Bilgewater with an ever-growing revenge list. Pyke
74%
Who carried his brother after clasping while climbing, and went mad after being trapped in ruins blaming his brother. Renekton
71%
Before the corruption of the black mist this knight was the leader of the Iron Order. Hecarim
69%
Who was abandoned by their human, father casing them to start a life a crime, and tells their mom that they run an orphanage. Sett
67%
Who is the oldest being in the universe or the primal scream of creation, and puppets scarecrows around Runeterra. Fiddlesticks
62%
What mage is a member of the Black Rose, uncle to Viego, and the creator of Sion. Vladimir
57%
Served as the bodyguard of the first emperor of Demacia and is looking for a "hero" to give their weapon to. Poppy
55%
Who was once the right hand man to Mordekasier with plans to defeat him, and now roams Runeterra challenging other evil doers. Veigar
55%
Who's predecessor trapped Aatrox, and godlike powers infuse their life with timeless Whimsy. Zoe
48%
What malevolent being is the collection of the human minds eaten by the void. Bel'veth
45%
Who after destroying their village, trained under :) Lee Sin, before returning home to a divided country. Uydr
40%
No matching quizzes found
Score Distribution
Percent of People with Each Score
Percentile by Number Answered
Your Score History
You have not taken this quiz